A hand book on clinical legal education / (Record no. 5781)

MARC details
000 -LEADER
fixed length control field 00530nam a22001577a 4500
008 - FIXED-LENGTH DATA ELEMENTS--GENERAL INFORMATION
fixed length control field 131016b xxu||||| |||| 00| 0 eng d
082 ## - DEWEY DECIMAL CLASSIFICATION NUMBER
Edition number 21 ed.
Classification number 347.017 HAN
100 ## - MAIN ENTRY--PERSONAL NAME
Personal name Edited by Menon, N.R. Madhava
245 ## - TITLE STATEMENT
Title A hand book on clinical legal education /
Statement of responsibility, etc Edited by N.R. Madhava Menon
260 ## - PUBLICATION, DISTRIBUTION, ETC. (IMPRINT)
Place of publication, distribution, etc Lucknow :
Name of publisher, distributor, etc Eastern book Company
Date of publication, distribution, etc 2011
300 ## - PHYSICAL DESCRIPTION
Extent xxiii, 312 P. ;
Dimensions 24 cm.
500 ## - GENERAL NOTE
General note Includes Index
650 ## - SUBJECT ADDED ENTRY--TOPICAL TERM
Topical term or geographic name as entry element Clinical legal education
650 ## - SUBJECT ADDED ENTRY--TOPICAL TERM
Topical term or geographic name as entry element A hand book on clinical legal education
942 ## - ADDED ENTRY ELEMENTS (KOHA)
Source of classification or shelving scheme Dewey Decimal Classification
Item type Books
Holdings
Withdrawn status Lost status Source of classification or shelving scheme Damaged status Not for loan Home library Current library Shelving location Date acquired Total Checkouts Full call number Barcode Date last seen Copy number Price effective from Koha item type Public note
    Dewey Decimal Classification     Law Development Centre Main Library Law Development Centre Main Library Text Books and Laws 10/16/2013   347.017 HAN 8022/2013 10/16/2013 1 10/16/2013 Books reserve